Dinosaur or Not? Sudden Death - Statistics

General Stats
  • This quiz has been taken 98 times
  • The average score is 4 of 8
Answers on the Grid
Answers color-coded by a green-red scale on the quiz's grid according to % correct below.
Basilosaurus
Mussasaurus
Pterodactylus
Liliensternus
Meleagris
Iguana
Casuarius
Archaeopteryx
Brassica
Dimetrodon
Therizinosaurus
Mirasaura
Deinocheirus
Allium
Concavenator
 
Answer Stats
Answer % Correct
Oldest known bird Archaeopteryx
76%
An herbivore therapod and my personal favorite dinosaur :) Therizinosaurus
75%
A dinosaur known for its terrible hands Deinocheirus
60%
A dinosaur from Spain with an unusual back Concavenator
54%
Saurapodomorph dinosaur Mussasaurus
43%
An early theropod Liliensternus
34%
Cassowary, birds are dinosaurs Casuarius
22%
Turkey, birds are dinosaurs Meleagris
19%
No matching quizzes found
Score Distribution
Percent of People with Each Score
Percentile by Number Answered
Your Score History
You have not taken this quiz